Guess the Taylor Swift song by the first line #5 - Statistics

General Stats
  • This quiz has been taken 1,258 times
  • The average score is 11 of 15
Answer Stats
First line song % Correct
" Draw the cat eye, sharp enough to kill a man " Vigilante Shit
90%
" Combat, I'm ready for combat, I say I don't want that, but what if I do? " The Archer
88%
" You should take it as a compliment, that I got drunk and made fun of the way you talk " Gorgeous
87%
" You, with your words like knives, and swords and weapons that you use against me " Mean
84%
" Summer went away, still, the yearning stays " You’re on Your Own, Kid
84%
" Este's a friend of mine, we meet up every Tuesday night for dinner and a glass of wine " no body, no crime
82%
" I love my hometown as much as Motown, I love SoCal, and you know I love Springsteen, faded blue jeans, Tennessee whiskey " London Boy
81%
" I'm perfectly fine, I live on my own, I made up my mind, I'm better off bein' alone " King of My Heart
75%
" I've been having a hard time adjusting, I had the shiniest wheels, now they're rusting " this is me trying
74%
" People like you always want back the love they gave away, and people like me wanna believe you when you say you've changed " All You Had to Do Was Stay
70%
" I wish I could fly, I'd pick you up and we'd go back in time " The Very First Night
58%
" Fatefully, I tried to pick my battles 'til the battle picked me, misery " long story short
57%
" What did you think I'd say to that? Does a scorpion sting when fighting back? " mad woman
57%
" It only hurts this much right now, was what I was thinking the whole time " Labyrinth
55%
" I know that you like me, And it's kinda frightenin', standing here waitin', waitin' " Message In A Bottle
42%
No matching quizzes found
Score Distribution
Percent of People with Each Score
Percentile by Number Answered
Your Score History
You have not taken this quiz